Countries With the Most Portuguese People - Statistics

General Stats
  • This quiz has been taken 53 times
  • The average score is 11 of 15
Answer Stats
Hint Answer % Correct
93.000 Spain
98%
~5.000.000 Brazil
96%
~9.800.000 Portugal
94%
1.471.000 United States
94%
429.000 Canada
88%
1.720.000 France
88%
263.000 United Kingdom
88%
174.000 Germany
84%
300.000 Angola
73%
125.000 China
57%
73.700 India
57%
336.000 Switzerland
57%
116.000 Luxembourg
41%
300.000 South Africa
35%
300.400 Venezuela
29%
No matching quizzes found
Score Distribution
Percent of People with Each Score
Percentile by Number Answered
Your Score History
You have not taken this quiz